Zmeny v spoločnosti a zmeny v rodine - kontinuita a zmena príspevok k diskusii o charaktere rodiny na Slovensku

Zmena v sociológii rodiny. Pojem rodina. Celospoločenské procesy zmien. Zmeny na sociálnej a štrukturálnej úrovni. Zmeny v oblasti vzdelania a sveta práce. Zmeny v sebahodnotení ženy. Priebeh ľudského života ako inštitúcia zmeny. Rastúci ekonomický štandard a diferenciácia. Sociálny štát a demokrati...

ver descrição completa

Na minha lista:
Detalhes bibliográficos
Autor principal: Ondrejkovič, Peter
Outros Autores: Majerčíková, Jana
Formato: Capítulo de Livro
Idioma:eslovaco
Assuntos:
Tags: Adicionar Tag
Sem tags, seja o primeiro a adicionar uma tag!

MARC

LEADER 00000naa$a2200000$$$4500
001 0039831
005 20231102115938.6
041 0 |a slo 
044 |a SK 
245 1 0 |a Zmeny v spoločnosti a zmeny v rodine - kontinuita a zmena  |b príspevok k diskusii o charaktere rodiny na Slovensku  |c Peter Ondrejkovič, Jana Majerčíková 
520 |a Zmena v sociológii rodiny. Pojem rodina. Celospoločenské procesy zmien. Zmeny na sociálnej a štrukturálnej úrovni. Zmeny v oblasti vzdelania a sveta práce. Zmeny v sebahodnotení ženy. Priebeh ľudského života ako inštitúcia zmeny. Rastúci ekonomický štandard a diferenciácia. Sociálny štát a demokratické štruktúry. Technologický a sociálny pokrok. Princípy racionalizácie. Všeobecné tendencie liberalizácie. Pokus o analýzu zmien v rodine. Zmeny v rodinnej každodennosti. Zmeny v hodnotových orientáciách a postojoch. 
610 2 0 |a rodina 
610 2 0 |a spoločnosť 
610 2 0 |a zmeny štruktúrne 
610 2 0 |a procesy sociálne 
610 2 0 |a demografia sociálna 
610 2 0 |a vzdelanie 
610 2 0 |a práca 
610 2 0 |a žena a rodina 
610 2 0 |a racionalizácia 
610 2 0 |a liberalizácia 
610 2 0 |a pokrok 
610 2 0 |a pokrok technologický 
610 2 0 |a Slovensko 
100 1 |a Ondrejkovič, Peter 
700 1 |a Majerčíková, Jana